Autografie polsko-żydowskie
| Titel: | Autografie polsko-żydowskie / Marcin Wołk |
|---|---|
| Verfasser: | |
| Veröffentlicht: | Toruń : Wydawnictwo Naukowe Uniwersytetu Mikołaja Kopernika, 2025 |
| Umfang: | 324 Seiten ; 23 cm |
| Format: | Buch |
| Sprache: | Polnisch |
| Schriftenreihe/ mehrbändiges Werk: |
Seria Teorie, porównania, dyskursy |
| ISBN: | 9788323160922 ; 8323160929 |
| Hinweise zum Inhalt: |
Buch Bibliographie
Cover Register Inhaltsverzeichnis |
alg: 53054611 001A $03004:11-06-25 001B $01999:29-07-25 $t14:53:53.000 001D $03004:11-06-25 001U $0utf8 001X $00 002@ $0Aau 002C $aText $btxt $2rdacontent 002D $aohne Hilfsmittel zu benutzen $bn $2rdamedia 002E $aBand $bnc $2rdacarrier 003@ $0530546116 003O $01521199357 $aOCoLC 004A $A978-83-231-6092-2 004A $083-231-6092-9 006C $01521199357 $aOCoLC 007A $0530546116 $aHEB 007G $0 009P $qapplication/pdf $A2 $3Buch Bibliographie $uhttp://scans.hebis.de/HEBCGI/show.pl?53054611_bib.pdf $mV:DE-603;B:DE-Mb50 009P $qapplication/pdf $A2 $3Cover $uhttp://scans.hebis.de/HEBCGI/show.pl?53054611_cov.pdf $mV:DE-603;B:DE-Mb50 009P $qapplication/pdf $A2 $3Register $uhttp://scans.hebis.de/HEBCGI/show.pl?53054611_idx.pdf $mV:DE-603;B:DE-Mb50 009P $qapplication/pdf $A2 $3Inhaltsverzeichnis $uhttp://scans.hebis.de/HEBCGI/show.pl?53054611_toc.pdf $mV:DE-603;B:DE-Mb50 010@ $apol 010E $erda 011@ $a2025 $n2025 011F $n©2025 021A $aAutografie polsko-żydowskie $hMarcin Wołk 028A $BVerfasser $4aut $7132466880 $8Wołk, Marcin$Z1969- [Tp1] $9183685784 033A $pToruń $nWydawnictwo Naukowe Uniwersytetu Mikołaja Kopernika 034D $a324 Seiten 034I $a23 cm 036G $aSeria Teorie, porównania, dyskursy 037A $aLiteraturverzeichnis Seite 293-309 044A $aPoland $S#0 $xIntellectual life $N651 044A $aPolish literature $S#0 $xJewish authors $xHistory and criticism $N650 044A $aPolish literature $S#0 $xHistory and criticism $y20th century $N650 044A $aJews $S#0 $xIntellectual life $zPoland $N650 044K $RPolen-Litauen $RKongresspolen $RWestgalizien $RStaat Krakau $#Generalgouvernement Polen $#Polska $#Rzeczpospolita Polska $#Polska Rzeczpospolita Ludowa $#Poland $#Pologne $#République Polonaise $#Generalne Gubernatorstwo w Polsce $#Polish People's Republic $#Polska Rzeczpospolita Polen $#PRL $#RP $#Polen Generalgouvernement $#Polska Generalgouvernement $#Besetzte Polnische Gebiete $#Besetztes Gebiet in Polen $#Okupowane Polskie Obszary $#Obszary Okupowane w Polsce $#Volksrepublik Polen $#Polska Rosyjska $#Republic Polen $#Respublika Pol'ša $#Pol'skaja Narodnaja Respublika $#République de Pologne $#Polen Links der Weichsel $#Polska po Lewej Stronie Wisły $#Lenkija $#Polija $#Gubernija Carstva Pol'skago $#Republik Polen $74046496-9 $8Polen [Tg1] $9085129801 044K $RBuch $RSchriftsteller $#Literature $#Littérature $#Letteratura $#Literatura $#literature $#Literature $#Literatur $#Literatur $#Belletristik $#Dichtung Literatur $#Schöne Literatur $#Sprachkunst $#Wortkunst $74035964-5 $8Literatur [Tsz] $9085097128 044K $RJudentum $RIsraeliten $RStämme Israels $#Jude $74028808-0 $8Juden [Ts1] $9085075922 044K $RUrheber $RAutorin $#Authors $#Écrivains $#Autor $#Autoren/Schriftsteller $#Verfasser $#Autoren $74003982-1 $8Autor [Ts1] $9085002402 044K $RKultur $#Intellectual life $#Vie intellectuelle $#Vida intelectual $#Intellektueller Dialog $#Geistiges Leben $#Intellektuelles Leben $74274490-8 $8Geistesleben [Ts1] $9086473573 045A $aPG7035.J48 045F $a809 $eDDC23BSB 045F/01 $a809 045F/03 $f0904 045F/03 $g438 045G $a909.04924094380904 $eDDC23BSB 045G/01 $a909.04924 045G/03 $f0904 045G/03 $g438 045R $aGeschichte 1901-2000 046L $aMit einer Zusammenfassungen in englischer Sprache lok: 53054611 24 exp: 53054611 24 1 #EPN 201B/01 $004-07-25 $t14:14:55.000 201C/01 $011-06-25 201U/01 $0utf8 203@/01 $01307043534 208@/01 $a04-07-25 $bz 209A/01 $a25.03116 $du $f050 $h25 03116 $x00 209C/01 $a25.03116 K $h25 03116 K 209G/01 $a75084196 $x00 220C/01 $ahae 247C/01 $8358050-7Marburg, Bibliothek des Herder-Instituts Marburg $9102600961 lok: 53054611 78 exp: 53054611 78 1 #EPN 201B/01 $010-07-25 $t09:41:05.000 201C/01 $010-07-25 201U/01 $0utf8 203@/01 $01313706825 208@/01 $a10-07-25 $be 209A/01 $a/ $f000 $x00 209A/01 $ab*p $x01 220C/01 $apgar 244Z/01 $#Generalgouvernement Polen $#Polska $#Rzeczpospolita Polska $#Polska Rzeczpospolita Ludowa $#Poland $#Pologne $#République Polonaise $#Generalne Gubernatorstwo w Polsce $#Polish People's Republic $#Polska Rzeczpospolita Polen $#PRL $#RP $#Polen Generalgouvernement $#Polska Generalgouvernement $#Besetzte Polnische Gebiete $#Besetztes Gebiet in Polen $#Okupowane Polskie Obszary $#Obszary Okupowane w Polsce $#Volksrepublik Polen $#Polska Rosyjska $#Republic Polen $#Respublika Pol'ša $#Pol'skaja Narodnaja Respublika $#République de Pologne $#Polen Links der Weichsel $#Polska po Lewej Stronie Wisły $#Lenkija $#Polija $#Gubernija Carstva Pol'skago $#Republik Polen $74046496-9 $8--Tg1--Polen $x01 $9085129801 247C/01 $82080>Marburg/Lahn, Herder-Institut, Forschungsbibliothek, Bibliographieportal $9336309341
| LEADER | 00000cam a2200000 c 4500 | ||
|---|---|---|---|
| 001 | 530546116 | ||
| 003 | DE-603 | ||
| 005 | 20250729145353.0 | ||
| 007 | tu | ||
| 008 | 250611s2025 xx |||| | u00||u|pol c | ||
| 020 | |a 9788323160922 | ||
| 020 | |a 8323160929 | ||
| 035 | |a (DE-599)HEB530546116 | ||
| 035 | |a (OCoLC)1521199357 | ||
| 040 | |a DE-603 |b ger |c DE-603 |d DE-603 |e rda | ||
| 041 | |a pol | ||
| 050 | 0 | |a PG7035.J48 | |
| 082 | 0 | 4 | |8 1\u |a 809 |q DE-101 |2 23/BSB |
| 083 | 0 | |8 2\u |a 909.04924094380904 |q DE-101 |2 23/BSB | |
| 085 | |8 1\u |b 809 | ||
| 085 | |8 1\u |z 1 |s 0904 | ||
| 085 | |8 1\u |z 2 |s 438 | ||
| 085 | |8 2\u |b 909.04924 | ||
| 085 | |8 2\u |z 1 |s 0904 | ||
| 085 | |8 2\u |z 2 |s 438 | ||
| 100 | 1 | |a Wołk, Marcin |d 1969- |e Verfasser |4 aut |0 (DE-603)183685784 |0 (DE-588)132466880 |2 gnd | |
| 245 | 0 | 0 | |a Autografie polsko-żydowskie |c Marcin Wołk |
| 264 | 1 | |a Toruń |b Wydawnictwo Naukowe Uniwersytetu Mikołaja Kopernika |c 2025 | |
| 264 | 4 | |c ©2025 | |
| 300 | |a 324 Seiten |c 23 cm | ||
| 336 | |a Text |b txt |2 rdacontent | ||
| 337 | |a ohne Hilfsmittel zu benutzen |b n |2 rdamedia | ||
| 338 | |a Band |b nc |2 rdacarrier | ||
| 490 | 0 | |a Seria Teorie, porównania, dyskursy | |
| 500 | |a Literaturverzeichnis Seite 293-309 | ||
| 546 | |a Mit einer Zusammenfassungen in englischer Sprache | ||
| 648 | 7 | |a Geschichte 1901-2000 |2 gnd | |
| 650 | 7 | |a Literatur |0 (DE-588)4035964-5 |0 (DE-603)085097128 |2 gnd | |
| 650 | 7 | |a Juden |0 (DE-588)4028808-0 |0 (DE-603)085075922 |2 gnd | |
| 650 | 7 | |a Autor |0 (DE-588)4003982-1 |0 (DE-603)085002402 |2 gnd | |
| 650 | 7 | |a Geistesleben |0 (DE-588)4274490-8 |0 (DE-603)086473573 |2 gnd | |
| 651 | 7 | |a Polen |0 (DE-588)4046496-9 |0 (DE-603)085129801 |2 gnd | |
| 856 | 4 | 2 | |m V:DE-603;B:DE-Mb50 |q application/pdf |u http://scans.hebis.de/HEBCGI/show.pl?53054611_bib.pdf |3 Buch Bibliographie |
| 856 | 4 | 2 | |m V:DE-603;B:DE-Mb50 |q application/pdf |u http://scans.hebis.de/HEBCGI/show.pl?53054611_cov.pdf |3 Cover |
| 856 | 4 | 2 | |m V:DE-603;B:DE-Mb50 |q application/pdf |u http://scans.hebis.de/HEBCGI/show.pl?53054611_idx.pdf |3 Register |
| 856 | 4 | 2 | |m V:DE-603;B:DE-Mb50 |q application/pdf |u http://scans.hebis.de/HEBCGI/show.pl?53054611_toc.pdf |3 Inhaltsverzeichnis |
| 924 | 0 | |9 Mb 50 |a (DE-603)1307043534 |b DE-Mb50 |c HES |d c |g 25.03116 | |
| 924 | 0 | |9 2080 |a (DE-603)1313706825 |b DE-2080 |c HES |d d |g / | |


